|
|
|
|
| LEADER |
00000nab a2200000 a 4500 |
| 001 |
vtls000129600 |
| 003 |
SK-MaSNL |
| 005 |
20260422115909.0 |
| 008 |
111104c1982 xo 0 slo |
| 015 |
|
|
|a SNBRB19rr/mm-uuuuu
|
| 035 |
|
|
|a CL0139706
|
| 040 |
|
|
|a SNKBUCL
|b slo
|c SNKBUCL
|e AACR2
|
| 041 |
0 |
|
|a slo
|
| 044 |
|
|
|a xo
|c SK
|
| 080 |
|
|
|a 71
|2 1981
|
| 100 |
|
|
|a Brath, Jozef,
|d 1936-2003
|4 aut
|9 388959
|
| 245 |
1 |
0 |
|a Intenzifikačné tendencie v tvorbe sídelných útvarov
|b Úloha číslo 1 v urbanizačnom a investičnom procese
|c Jozef Brath
|
| 300 |
|
|
|b Obr. 2.
|
| 650 |
0 |
7 |
|a urbanizmus
|2 snkbucl
|9 2925
|
| 655 |
|
7 |
|a články z novín a časopisov
|2 snkbucl
|9 267496
|
| 773 |
0 |
|
|t Technické noviny
|g Roč. 30, č. 30 (1982), s. 7
|
| 850 |
|
|
|a Slovenská národná knižnica v Martine
|a MTA001
|
| 852 |
|
|
|a SNK
|b KIS3GCP
|
| 958 |
|
|
|a RK
|
| 992 |
|
|
|a RBX
|
| 999 |
|
|
|c 2211913
|d 2213843
|